[Event "Skalica Open 2019"]
[Site "Skalica"]
[Date "2019.08.29"]
[Round "6.21"]
[White "Hrubsa, Marian"]
[Black "Fizerova, Lucie"]
[Result "1-0"]
[WhiteElo "1888"]
[BlackElo "1563"]
[Annotator "NA"]
[PlyCount "85"]
[EventDate "2019.08.25"]
[EventType "swiss"]
[EventCountry "SVK"]
[SourceTitle "playchess.com"]
[Source "ChessBase"]
[SourceQuality "1"]
[TimeControl "40/5400+30:1800+30"]

1. e4 {[%emt 0:00:00]} e5 {[%emt 0:00:00]} 2. Nf3 {[%emt 0:00:00]} Nf6 {[%emt 0:00:00]} 3. Nxe5 {[%emt 0:00:00]} d6 {[%emt 0:00:07]} 4. Nf3 {[%emt 0:00:00]} Nxe4 {[%emt 0:00:06]} 5. d4 {[%emt 0:00:00]} d5 {[%emt 0:00:12]} 6. Bd3 {[%emt 0:00:00]} Bf5 {[%emt 0:00:38] C42: Petroff Defence: 3 Nxe5 and unusual White 3rd moves} (6... Bd6 7. O-O O-O 8. c4 c6 9. Re1 Bf5 10. Qb3 Qd7 11. Nc3 Nxc3 12. Bxf5 Qxf5 13. bxc3 b6 14. Bg5 dxc4 15. Qxc4 b5 16. Qb3 Nd7 17. Be7 Bxe7 18. Rxe7 {½-½ (30) Naiditsch,A (2695)-Wang,H (2726) China 2019}) 7. O-O {[%emt 0:02:17]} Be7 {[%emt 0:01:03]} 8. Re1 {[%emt 0:02:18]} Nd7 {[%emt 0:01:45]} 9. c4 {[%emt 0:02:16]} c6 {[%emt 0:02:58]} 10. cxd5 {[%emt 0:00:58]} cxd5 {[%emt 0:00:02]} 11. Qb3 {[%emt 0:01:18]} Ndf6 $146 {[%emt 0:09:50]} ({Predecessor:} 11... Nb6 12. Bf4 O-O 13. Nc3 Nxc3 14. Bxf5 {1-0 (26) Kirchner,M (1887)-Zeitz,J (1753) Heusenstamm 2018}) 12. Qxb7 {[%emt 0:07:33]} O-O {[%emt 0:01:39]} 13. Nc3 {[%emt 0:04:13]} Rb8 {[%emt 0:07:48]} 14. Qa6 $1 {[%emt 0:03:44]} Bb4 {[%emt 0:02:51]} 15. a3 {[%emt 0:02:59]} Rb6 {[%emt 0:02:26]} 16. Qxa7 {[%emt 0:04:02]} Nxc3 {[%emt 0:12:36]} (16... Bxc3 $16 17. bxc3 Rc6) 17. axb4 {[%emt 0:01:18]} Nce4 {[%emt 0:01:34]} 18. Ne5 {[%emt 0:02:45]} Nd6 {[%emt 0:07:02]} 19. Bf1 {[%emt 0:02:42]} Rb7 {[%emt 0:05:50]} 20. Qa5 {[%emt 0:02:38]} Qxa5 {[%emt 0:03:19]} 21. bxa5 {[%emt 0:00:38]} Ra8 {[%emt 0:00:27]} 22. a6 {[%emt 0:01:56]} Rb6 {[%emt 0:00:37]} 23. Re3 {[%emt 0:05:02]} Bc8 {[%emt 0:01:35]} 24. Rea3 {[%emt 0:04:51]} Nfe8 {[%emt 0:04:27]} 25. a7 {[%emt 0:03:32]} Nc7 {[%emt 0:01:01]} 26. Rc3 {[%emt 0:02:22]} Na6 {[%emt 0:02:38]} 27. Bxa6 {[%emt 0:01:09]} Bxa6 $18 {[%emt 0:01:05]} 28. Nd7 {[%emt 0:03:17]} Rb7 {[%emt 0:01:13]} 29. Rxa6 {[%emt 0:00:52]} Rxd7 {[%emt 0:00:02]} 30. Rb3 {[%emt 0:04:54]} Nb7 {[%emt 0:01:41]} 31. Bf4 {[%emt 0:01:54]} Re7 {[%emt 0:01:51]} 32. g3 {[%emt 0:02:24]} h6 {[%emt 0:00:34]} 33. Bb8 {[%emt 0:01:33]} Kh7 {[%emt 0:00:47]} 34. Rb5 {[%emt 0:03:14]} Rd7 {[%emt 0:00:43]} 35. b4 {[%emt 0:00:54]} g6 {[%emt 0:03:41]} 36. Rbb6 {[%emt 0:03:32]} Kg7 {[%emt 0:01:03]} 37. b5 {[%emt 0:00:23]} Kh7 {[%emt 0:00:42]} 38. Rc6 {[%emt 0:00:40]} Re7 {[%emt 0:00:50]} 39. Rc7 {[%emt 0:01:48]} Rxc7 {[%emt 0:00:32]} 40. Bxc7 {[%emt 0:00:08]} h5 {[%emt 0:00:44]} 41. b6 {[%emt 0:30:48]} Kg8 {[%emt 0:30:25]} 42. Ra3 {[%emt 0:02:05]} Kf8 {[%emt 0:00:23]} 43. Bb8 {[%emt 0:01:03]} 1-0

[Event "Skalica Open 2019"]
[Site "Skalica"]
[Date "2019.08.29"]
[Round "6.22"]
[White "Petkevich, Denis"]
[Black "Palka, Miroslav"]
[Result "1/2-1/2"]
[WhiteElo "1863"]
[BlackElo "1869"]
[Annotator "NA"]
[PlyCount "51"]
[EventDate "2019.08.25"]
[EventType "swiss"]
[EventCountry "SVK"]
[SourceTitle "playchess.com"]
[Source "ChessBase"]
[SourceQuality "1"]
[TimeControl "40/5400+30:1800+30"]

1. b4 {[%emt 0:00:00]} Nf6 {[%emt 0:00:17]} 2. Bb2 {[%emt 0:00:00]} e6 {[%emt 0:00:55]} 3. b5 {[%emt 0:00:00]} c6 {[%emt 0:00:25]} 4. c4 {[%emt 0:00:00]} d5 {[%emt 0:00:58]} 5. e3 {[%emt 0:02:44]} Be7 {[%emt 0:00:36]} (5... dxc4 6. Bxc4 cxb5 7. Bxb5+ Bd7 8. Be2 Bc6 9. Nf3 Bd6 10. O-O Nbd7 11. d4 O-O 12. Nbd2 Rc8 {0-1 (39) Timmermans,M (2423)-Leenhouts,K (2377) Amsterdam 2017}) 6. Nf3 {[%emt 0:00:15] A00: Irregular Openings} O-O {[%emt 0:01:01]} 7. Qc2 {[%emt 0:01:32]} a6 {[%emt 0:00:15]} 8. a4 {[%emt 0:00:11]} axb5 {[%emt 0:00:33]} 9. axb5 $146 {[%emt 0:00:15]} ({Predecessor:} 9. cxb5 cxb5 10. Bxb5 Bd7 11. Bd3 h6 12. Ne5 Nc6 13. Nxc6 Bxc6 14. O-O {1-0 (54) Paggalis,G-Stamatopoulos,G Patras 2001}) 9... Rxa1 {[%emt 0:00:07]} 10. Bxa1 {[%emt 0:00:02]} dxc4 {[%emt 0:01:14]} 11. Ng5 {[%emt 0:01:55]} h6 {[%emt 0:03:39]} 12. h4 {[%emt 0:00:33]} Re8 {[%emt 0:03:47]} 13. Bxc4 {[%emt 0:02:53]} cxb5 {[%emt 0:00:21]} 14. Bxb5 {[%emt 0:00:19]} Bd7 {[%emt 0:00:24]} 15. Bd3 {[%emt 0:06:36]} Qc8 {[%emt 0:00:53]} 16. Nf3 {[%emt 0:06:04]} Qxc2 {[%emt 0:01:08]} 17. Bxc2 {[%emt 0:00:03]} Bb5 {[%emt 0:00:19]} 18. Nc3 {[%emt 0:00:04]} Ba6 $1 {[%emt 0:01:03]} 19. Ne5 {[%emt 0:03:24]} Rd8 {[%emt 0:03:22]} 20. f4 {[%emt 0:02:49]} Nbd7 {[%emt 0:02:49]} 21. d4 {[%emt 0:02:01]} (21. Ne4 $15) 21... Bb4 {[%emt 0:01:42]} 22. Kd2 {[%emt 0:00:25]} Nxe5 {[%emt 0:02:06]} 23. fxe5 $17 {[%emt 0:00:07]} Nd5 {[%emt 0:00:39]} 24. Be4 {[%emt 0:01:50]} Nxc3 {[%emt 0:08:43]} 25. Bxc3 {[%emt 0:00:05]} Bxc3+ {[%emt 0:00:05]} 26. Kxc3 {[%emt 0:00:03]} 1/2-1/2

[Event "Skalica Open 2019"]
[Site "Skalica"]
[Date "2019.08.29"]
[Round "6.23"]
[White "Skreko, Igor"]
[Black "Krakovsky, Peter"]
[Result "1/2-1/2"]
[WhiteElo "1725"]
[BlackElo "1000"]
[Annotator "NA"]
[PlyCount "80"]
[EventDate "2019.08.25"]
[EventType "swiss"]
[EventCountry "SVK"]
[SourceTitle "playchess.com"]
[Source "ChessBase"]
[SourceQuality "1"]
[TimeControl "40/5400+30:1800+30"]

1. c4 {[%emt 0:00:00]} g6 2. Nc3 Bg7 {[%emt 0:00:56]} 3. g3 {[%emt 0:00:12]} Nf6 {[%emt 0:00:12]} 4. Bg2 {[%emt 0:00:05]} O-O {[%emt 0:00:17]} 5. Nf3 {[%emt 0:00:25]} d5 {[%emt 0:00:12]} 6. cxd5 {[%emt 0:00:27]} Nxd5 {[%emt 0:00:02]} 7. O-O {[%emt 0:01:37]} c6 {[%emt 0:00:23]} 8. e4 {[%emt 0:03:22]} Nb6 {[%emt 0:08:12]} 9. d4 {[%emt 0:12:44]} Bg4 {[%emt 0:02:23]} 10. Be3 {[%emt 0:01:10]} e6 {[%emt 0:00:40]} 11. h3 {[%emt 0:02:40]} Bxf3 {[%emt 0:00:39]} 12. Bxf3 {[%emt 0:00:05]} N8d7 {[%emt 0:00:48]} 13. Qe2 {[%emt 0:05:45]} Nf6 {[%emt 0:02:04]} 14. Rfd1 {[%emt 0:00:57]} Qe7 {[%emt 0:00:59]} 15. Rac1 {[%emt 0:02:39]} Rfd8 {[%emt 0:00:33]} 16. h4 {[%emt 0:02:10]} h5 {[%emt 0:02:29]} 17. Bg5 {[%emt 0:01:48]} e5 {[%emt 0:01:45]} 18. dxe5 {[%emt 0:01:56]} Qxe5 {[%emt 0:00:29]} 19. Rd3 {[%emt 0:07:14]} Rxd3 {[%emt 0:03:49]} 20. Qxd3 {[%emt 0:00:09]} Re8 {[%emt 0:00:10]} 21. Rd1 {[%emt 0:02:08]} Nfd7 {[%emt 0:11:23]} 22. Be3 {[%emt 0:07:56]} Qe6 {[%emt 0:14:39]} 23. Bd4 {[%emt 0:04:19]} Ne5 {[%emt 0:03:01]} 24. Qe2 {[%emt 0:04:23]} Nxf3+ {[%emt 0:06:09]} 25. Qxf3 {[%emt 0:00:08]} Bxd4 {[%emt 0:00:21]} 26. Rxd4 {[%emt 0:00:02]} Nc4 {[%emt 0:00:35]} 27. Qe2 {[%emt 0:01:54]} Ne5 {[%emt 0:01:16]} 28. Kg2 {[%emt 0:06:41]} Ng4 {[%emt 0:02:08]} 29. f3 {[%emt 0:02:13]} Ne5 {[%emt 0:01:37]} 30. Rd1 {[%emt 0:03:11]} Nc4 {[%emt 0:02:33]} 31. b3 {[%emt 0:02:30]} Ne5 {[%emt 0:00:38]} 32. Na4 {[%emt 0:01:16]} Qe7 {[%emt 0:02:01]} 33. Nb2 {[%emt 0:01:05]} Rd8 {[%emt 0:01:11]} 34. Rxd8+ {[%emt 0:10:52]} Qxd8 {[%emt 0:00:31]} 35. f4 {[%emt 0:01:58]} Ng4 {[%emt 0:00:49]} 36. Nc4 {[%emt 0:00:32]} Qd4 {[%emt 0:00:31]} 37. e5 {[%emt 0:05:01]} b5 {[%emt 0:01:55]} 38. Nd6 {[%emt 0:00:36]} Qd5+ {[%emt 0:02:12]} 39. Kg1 {[%emt 0:00:46]} Qd4+ {[%emt 0:00:15]} 40. Kg2 {[%emt 0:00:08]} Qd5+ 1/2-1/2

[Event "Skalica Open 2019"]
[Site "Skalica"]
[Date "2019.08.29"]
[Round "6.24"]
[White "Vozarova, Adriana"]
[Black "Ivanov, Alexander"]
[Result "0-1"]
[WhiteElo "1647"]
[BlackElo "2473"]
[Annotator "TA"]
[PlyCount "52"]
[EventDate "2019.08.25"]
[EventType "swiss"]
[EventCountry "SVK"]
[SourceTitle "playchess.com"]
[Source "ChessBase"]
[SourceQuality "1"]

{[%evp 12,64,43,-52,-53,-48,-41,-88,-86,-92,-83,-120,-116,-119,-110,-116,-118,-140,-110,-175,-174,-182,-181,-166,-171,-181,-175,-170,-150,-149,-126,-127,-107,-126,-108,-116,-96,-117,-105,-196,-142,-212,-133,-136,-133,-133,-133,-130,-131,-135,-125,-308,-317,-395,-396]} 1. e4 c5 2. Nf3 d6 3. d4 cxd4 4. Nxd4 Nf6 5. Nc3 a6 6. Be3 Ng4 7. Bc4 (7. Bg5 $14) 7... Nxe3 $15 {B90: Sicilian Najdorf: Unusual White 6th moves, 6 Be3 Ng4 and 6 Be3 e5} 8. fxe3 e6 9. Qg4 {[%cal Rc4e6]} (9. O-O Nc6 10. Nxc6 bxc6 11. Qf3 Ra7 12. Rad1 {½-½ (12) Predojevic,B (2587)-Brkic,A (2570) Zupanja 2007}) 9... Nd7 {Black is better.} 10. O-O $146 ({Predecessor:} 10. Bxe6 Nf6 11. O-O Nxg4 12. Bxf7+ Kd7 13. Nd5 Qh4 14. h3 Ne5 15. c4 Kd8 16. Be6 Qh6 {0-1 (16) Humphries,R-Morris,M (1695) Brisbane 2005}) 10... Ne5 {[%mdl 64] [#] Double Attack} 11. Qf4 Be7 12. Be2 O-O 13. Rad1 b5 14. a3 Qb6 15. Nf3 (15. Nb1 $17) 15... Ng6 $19 16. Qg3 Qxe3+ 17. Kh1 Bb7 18. Bd3 Qc5 19. Ne2 Bf6 20. c3 Be5 21. Nxe5 Qxe5 22. Qg4 Rac8 {[%cal Ba8c8,Bc8c5,Bc5e5][%mdl 32]} 23. Nd4 Rc5 24. Rf2 Qg5 25. Qf3 (25. Qxg5 $17 Rxg5 26. Nf3) 25... Ne5 (25... Re5 $19 26. Bc2 d5) 26. Qe2 (26. Qh3 $17) 26... Ng4 {Played: Qg5-h4} 0-1

[Event "Skalica Open 2019"]
[Site "Skalica"]
[Date "2019.08.29"]
[Round "7.1"]
[White "Pulpan, Jakub"]
[Black "Maiorov, Nikita"]
[Result "1/2-1/2"]
[WhiteElo "2397"]
[BlackElo "2512"]
[Annotator "ChessBase"]
[PlyCount "21"]
[EventDate "2019.08.25"]
[EventType "swiss"]
[EventCountry "SVK"]
[SourceTitle "playchess.com"]
[Source "ChessBase"]
[SourceQuality "1"]
[TimeControl "40/5400+30:1800+30"]

1. e4 {[%emt 0:00:00]} e5 {[%emt 0:02:08]} 2. Nf3 {[%emt 0:00:00]} Nc6 {[%emt 0:00:04]} 3. Bb5 {[%emt 0:00:00]} a6 {[%emt 0:00:09]} 4. Ba4 {[%emt 0:00:04]} Nf6 {[%emt 0:00:06]} 5. O-O {[%emt 0:00:12]} Be7 {[%emt 0:00:08]} 6. d3 {[%emt 0:00:12]} b5 {[%emt 0:00:36]} 7. Bb3 {[%emt 0:00:05]} O-O {[%emt 0:00:10]} 8. Nc3 {[%emt 0:00:18]} d6 {[%emt 0:00:10]} 9. a3 {[%emt 0:00:04]} Nb8 {[%emt 0:05:09]} 10. Ne2 {[%emt 0:03:57]} Nbd7 {[%emt 0:02:25]} 11. Ng3 {[%emt 0:00:37]} 1/2-1/2

[Event "Skalica Open 2019"]
[Site "Skalica"]
[Date "2019.08.29"]
[Round "7.2"]
[White "Demidov, Mikhail"]
[Black "Manik, Mikulas"]
[Result "1-0"]
[WhiteElo "2556"]
[BlackElo "2374"]
[Annotator "ChessBase"]
[PlyCount "157"]
[EventDate "2019.08.25"]
[EventType "swiss"]
[EventCountry "SVK"]
[SourceTitle "playchess.com"]
[Source "ChessBase"]
[SourceQuality "1"]
[TimeControl "40/5400+30:1800+30"]

1. Nf3 {[%emt 0:00:19]} d6 {[%emt 0:00:00]} 2. e4 {[%emt 0:00:59]} c5 {[%emt 0:00:00]} 3. Bb5+ {[%emt 0:00:07]} Nd7 {[%emt 0:00:00]} 4. O-O {[%emt 0:00:13]} a6 {[%emt 0:00:54]} 5. Bd3 {[%emt 0:00:05]} Ngf6 {[%emt 0:03:17]} 6. c3 {[%emt 0:01:20]} e5 {[%emt 0:10:27]} 7. Bc2 {[%emt 0:01:02]} b5 {[%emt 0:00:21]} 8. a4 {[%emt 0:01:45]} Bb7 {[%emt 0:00:05]} 9. Qe2 {[%emt 0:00:18]} Be7 {[%emt 0:00:42]} 10. d4 {[%emt 0:00:57]} O-O {[%emt 0:09:12]} 11. d5 {[%emt 0:04:08]} c4 {[%emt 0:05:40]} 12. Na3 {[%emt 0:02:03]} Nc5 {[%emt 0:01:47]} 13. Bd2 {[%emt 0:02:38]} Qd7 {[%emt 0:07:32]} 14. Rfd1 {[%emt 0:04:36]} h6 {[%emt 0:11:49]} 15. Be1 {[%emt 0:01:24]} Rfb8 {[%emt 0:05:46]} 16. Nd2 {[%emt 0:01:28]} Bc8 {[%emt 0:00:44]} 17. a5 {[%emt 0:05:47]} Nb7 {[%emt 0:08:05]} 18. b4 {[%emt 0:03:06]} cxb3 {[%emt 0:01:04]} 19. Nxb3 {[%emt 0:00:18]} Nc5 {[%emt 0:00:04]} 20. f3 {[%emt 0:03:09]} Qc7 {[%emt 0:03:59]} 21. Nb1 {[%emt 0:02:04]} Nxb3 {[%emt 0:02:45]} 22. Bxb3 {[%emt 0:01:03]} Nd7 {[%emt 0:00:02]} 23. Bc2 {[%emt 0:02:01]} Nc5 {[%emt 0:00:32]} 24. Nd2 {[%emt 0:02:22]} Bd7 {[%emt 0:04:11]} 25. Rdc1 {[%emt 0:03:01]} Na4 {[%emt 0:04:27]} 26. c4 {[%emt 0:06:26]} Qxa5 {[%emt 0:01:16]} 27. c5 {[%emt 0:00:59]} dxc5 {[%emt 0:02:57]} 28. Nc4 {[%emt 0:01:30]} Qc7 {[%emt 0:00:18]} 29. Bxa4 {[%emt 0:00:53]} bxc4 {[%emt 0:00:28]} 30. Bxd7 {[%emt 0:00:30]} Qxd7 {[%emt 0:00:06]} 31. Rxc4 {[%emt 0:01:24]} Rb6 {[%emt 0:02:41]} 32. Rca4 {[%emt 0:02:32]} Qb7 {[%emt 0:03:24]} 33. Kf1 {[%emt 0:16:21]} Bd6 {[%emt 0:01:05]} 34. Qc4 {[%emt 0:00:27]} Rb5 {[%emt 0:00:42]} 35. Ra5 {[%emt 0:00:45]} Rb6 {[%emt 0:00:55]} 36. h3 {[%emt 0:02:37]} Kh7 {[%emt 0:02:57]} 37. Kg1 {[%emt 0:01:53]} Rb1 {[%emt 0:00:31]} 38. Kh2 {[%emt 0:01:39]} Rxa1 {[%emt 0:00:36]} 39. Rxa1 {[%emt 0:00:02]} f6 {[%emt 0:00:53]} 40. Qa2 {[%emt 0:02:21]} a5 {[%emt 0:03:35]} 41. Qc4 {[%emt 0:31:52]} Qb6 {[%emt 0:33:14]} 42. Qa4 {[%emt 0:04:01]} Ra6 {[%emt 0:00:00]} 43. Qd7 {[%emt 0:00:00]} Ra7 {[%emt 0:00:00]} 44. Qa4 {[%emt 0:00:00]} Ra6 {[%emt 0:00:00]} 45. h4 {[%emt 0:00:00]} Qb7 {[%emt 0:00:00]} 46. Qc4 {[%emt 0:00:00]} Qb6 {[%emt 0:00:00]} 47. Bc3 {[%emt 0:00:00]} Ra7 {[%emt 0:00:00]} 48. Ra2 {[%emt 0:00:00]} Ra8 {[%emt 0:00:00]} 49. Qa4 {[%emt 0:00:00]} Qd8 {[%emt 0:00:00]} 50. Rb2 {[%emt 0:00:00]} c4 {[%emt 0:00:00]} 51. Be1 {[%emt 0:00:00]} Bb4 {[%emt 0:00:00]} 52. Bxb4 {[%emt 0:00:00]} axb4 {[%emt 0:00:00]} 53. Qxb4 {[%emt 0:00:00]} Rc8 {[%emt 0:00:00]} 54. Rc2 {[%emt 0:00:00]} Qc7 {[%emt 0:00:00]} 55. Rc3 {[%emt 0:00:00]} Kh8 {[%emt 0:00:00]} 56. Qb5 {[%emt 0:00:00]} Kh7 {[%emt 0:00:10]} 57. Kg3 {[%emt 0:00:00]} Kh8 {[%emt 0:01:06]} 58. Qa6 {[%emt 0:00:00]} Qc5 {[%emt 0:01:37]} 59. Qe6 {[%emt 0:01:19]} Rb8 {[%emt 0:01:48]} 60. Rc2 {[%emt 0:05:37]} Rc8 {[%emt 0:02:57]} 61. Rc3 {[%emt 0:04:59]} Rb8 {[%emt 0:00:03]} 62. Qc6 {[%emt 0:02:28]} Qg1 {[%emt 0:00:27]} 63. Qxc4 {[%emt 0:00:48]} Qe1+ {[%emt 0:00:09]} 64. Kg4 {[%emt 0:00:46]} h5+ {[%emt 0:00:19]} 65. Kf5 {[%emt 0:04:45]} Qxh4 {[%emt 0:00:15]} 66. Ke6 {[%emt 0:04:14]} f5 {[%emt 0:00:06]} 67. d6 {[%emt 0:01:13]} Qf6+ {[%emt 0:00:32]} 68. Kd5 {[%emt 0:00:16]} fxe4 {[%emt 0:00:12]} 69. Qc7 {[%emt 0:01:12]} Rb2 {[%emt 0:02:25]} 70. fxe4 {[%emt 0:02:26]} Rd2+ {[%emt 0:00:43]} 71. Kc6 {[%emt 0:00:16]} Kh7 {[%emt 0:00:23]} 72. Qd7 {[%emt 0:01:04]} Kh6 {[%emt 0:01:13]} 73. Rc5 {[%emt 0:01:05]} Qf1 {[%emt 0:00:52]} 74. Qe6+ {[%emt 0:00:11]} g6 {[%emt 0:00:10]} 75. Qxe5 {[%emt 0:00:40]} Qa6+ {[%emt 0:00:22]} 76. Kd7 {[%emt 0:00:06]} Qa7+ {[%emt 0:00:14]} 77. Rc7 {[%emt 0:00:56]} Qa4+ {[%emt 0:00:06]} 78. Ke7 {[%emt 0:00:15]} Qb4 {[%emt 0:00:16]} 79. Qf4+ {[%emt 0:00:09]} 1-0

[Event "Skalica Open 2019"]
[Site "Skalica"]
[Date "2019.08.29"]
[Round "7.3"]
[White "Lanka, Zigurds"]
[Black "Potapov, Pavel"]
[Result "1/2-1/2"]
[WhiteElo "2395"]
[BlackElo "2496"]
[Annotator "ChessBase"]
[PlyCount "25"]
[EventDate "2019.08.25"]
[EventType "swiss"]
[EventCountry "SVK"]
[SourceTitle "playchess.com"]
[Source "ChessBase"]
[SourceQuality "1"]
[TimeControl "40/5400+30:1800+30"]

1. e4 {[%emt 0:00:00]} c5 {[%emt 0:00:00]} 2. Nf3 {[%emt 0:00:00]} Nc6 {[%emt 0:00:00]} 3. d4 {[%emt 0:00:00]} cxd4 {[%emt 0:00:00]} 4. Nxd4 {[%emt 0:00:00]} e5 {[%emt 0:00:00]} 5. Nb5 {[%emt 0:00:11]} d6 {[%emt 0:00:01]} 6. N1c3 {[%emt 0:00:08]} a6 {[%emt 0:00:12]} 7. Na3 {[%emt 0:00:06]} Be7 {[%emt 0:00:13]} 8. Nc4 {[%emt 0:00:11]} b5 {[%emt 0:00:31]} 9. Ne3 {[%emt 0:00:07]} Nf6 {[%emt 0:00:32]} 10. a3 {[%emt 0:00:22]} O-O {[%emt 0:01:01]} 11. g3 {[%emt 0:00:26]} Be6 {[%emt 0:09:59]} 12. Bg2 {[%emt 0:00:26]} Rc8 {[%emt 0:02:08]} 13. O-O {[%emt 0:00:26]} 1/2-1/2

[Event "Skalica Open 2019"]
[Site "Skalica"]
[Date "2019.08.29"]
[Round "7.4"]
[White "Pechac, Jergus"]
[Black "Sahidi, Samir"]
[Result "1/2-1/2"]
[WhiteElo "2471"]
[BlackElo "2366"]
[Annotator "ChessBase"]
[PlyCount "183"]
[EventDate "2019.08.25"]
[EventType "swiss"]
[EventCountry "SVK"]
[SourceTitle "playchess.com"]
[Source "ChessBase"]
[SourceQuality "1"]
[TimeControl "40/5400+30:1800+30"]

1. d4 {[%emt 0:01:21]} d5 {[%emt 0:00:02]} 2. Nf3 {[%emt 0:00:17]} c5 {[%emt 0:01:09]} 3. c4 {[%emt 0:00:07]} cxd4 {[%emt 0:01:19]} 4. cxd5 {[%emt 0:00:07]} Nf6 {[%emt 0:01:22]} 5. Qxd4 {[%emt 0:05:58]} Qxd5 {[%emt 0:01:04]} 6. Nc3 {[%emt 0:00:25]} Qxd4 {[%emt 0:01:18]} 7. Nxd4 {[%emt 0:00:12]} a6 {[%emt 0:01:55]} 8. Bg5 {[%emt 0:00:07]} Nbd7 {[%emt 0:03:53]} 9. g3 {[%emt 0:00:44]} e6 {[%emt 0:04:29]} 10. Bg2 {[%emt 0:00:26]} h6 {[%emt 0:03:40]} 11. Bd2 {[%emt 0:01:48]} Bb4 {[%emt 0:08:20]} 12. a3 {[%emt 0:01:48]} Ba5 {[%emt 0:01:11]} 13. O-O {[%emt 0:01:28]} O-O {[%emt 0:02:09]} 14. Nb3 {[%emt 0:03:41]} Bc7 {[%emt 0:06:08]} 15. Rac1 {[%emt 0:01:11]} Rb8 {[%emt 0:00:57]} 16. Na4 {[%emt 0:01:32]} Bd6 {[%emt 0:00:55]} 17. Be3 {[%emt 0:05:48]} Nd5 {[%emt 0:03:33]} 18. Bxd5 {[%emt 0:01:22]} exd5 {[%emt 0:00:08]} 19. Rfd1 {[%emt 0:00:40]} b5 {[%emt 0:02:34]} 20. Nc3 {[%emt 0:05:02]} b4 {[%emt 0:01:13]} 21. axb4 {[%emt 0:00:06]} Rxb4 {[%emt 0:00:48]} 22. Na5 {[%emt 0:00:10]} Rxb2 {[%emt 0:04:09]} 23. Nxd5 {[%emt 0:00:31]} Rxe2 {[%emt 0:18:53]} 24. Nc4 {[%emt 0:00:26]} Bc5 {[%emt 0:02:13]} 25. Bxc5 {[%emt 0:04:32]} Nxc5 {[%emt 0:00:10]} 26. Nd6 {[%emt 0:05:51]} Ne4 {[%emt 0:03:15]} 27. Nf4 {[%emt 0:07:00]} Nxd6 {[%emt 0:02:16]} 28. Nxe2 {[%emt 0:00:05]} Nb5 {[%emt 0:03:29]} 29. Rd2 {[%emt 0:03:14]} Re8 {[%emt 0:03:17]} 30. Nd4 {[%emt 0:01:34]} Bd7 {[%emt 0:02:45]} 31. Nc6 {[%emt 0:03:42]} Bf5 {[%emt 0:04:25]} 32. Ra1 {[%emt 0:01:38]} Be4 {[%emt 0:03:48]} 33. Rxa6 {[%emt 0:03:05]} Bf3 {[%emt 0:03:11]} 34. Rd8 {[%emt 0:01:14]} Bxc6 {[%emt 0:00:37]} 35. Raa8 {[%emt 0:00:13]} Rxd8 {[%emt 0:00:14]} 36. Rxd8+ {[%emt 0:00:20]} Kh7 {[%emt 0:00:04]} 37. h4 {[%emt 0:01:29]} Bf3 {[%emt 0:01:24]} 38. Rd3 {[%emt 0:00:17]} Bg4 {[%emt 0:01:13]} 39. Kh2 {[%emt 0:00:44]} Be6 {[%emt 0:00:14]} 40. Kg1 {[%emt 0:00:37]} Nc7 {[%emt 0:00:10]} 41. Ra3 {[%emt 0:30:21]} Nd5 {[%emt 0:30:09]} 42. Rb3 {[%emt 0:00:26]} Nf6 {[%emt 0:01:54]} 43. Ra3 {[%emt 0:00:19]} g6 {[%emt 0:03:35]} 44. Ra5 {[%emt 0:00:32]} Kg7 {[%emt 0:01:06]} 45. Ra4 {[%emt 0:00:05]} Nd7 {[%emt 0:00:00]} 46. Ra5 {[%emt 0:00:00]} Kf6 {[%emt 0:00:00]} 47. Ra4 {[%emt 0:00:00]} Ne5 {[%emt 0:00:00]} 48. Rf4+ {[%emt 0:00:00]} Ke7 {[%emt 0:00:00]} 49. Ra4 {[%emt 0:00:00]} Nf3+ {[%emt 0:00:00]} 50. Kg2 {[%emt 0:00:00]} Bd5 {[%emt 0:00:00]} 51. Kf1 {[%emt 0:00:00]} Ke6 {[%emt 0:00:00]} 52. Rb4 {[%emt 0:00:00]} Ke5 {[%emt 0:00:00]} 53. Rb8 {[%emt 0:00:00]} h5 {[%emt 0:00:00]} 54. Rb4 {[%emt 0:00:00]} Bc4+ {[%emt 0:00:00]} 55. Kg2 {[%emt 0:00:00]} Ne1+ {[%emt 0:00:00]} 56. Kg1 {[%emt 0:00:00]} Kd4 {[%emt 0:00:00]} 57. Ra4 {[%emt 0:00:00]} Kd3 {[%emt 0:00:00]} 58. Rb4 {[%emt 0:00:00]} Nf3+ {[%emt 0:00:00]} 59. Kg2 {[%emt 0:00:00]} Nd2 {[%emt 0:00:00]} 60. f4 {[%emt 0:00:00]} Ke3 {[%emt 0:00:00]} 61. Rb2 {[%emt 0:00:00]} Bd5+ {[%emt 0:00:00]} 62. Kh3 {[%emt 0:00:00]} Nf3 {[%emt 0:00:00]} 63. Rb1 {[%emt 0:00:00]} Nd4 {[%emt 0:00:00]} 64. Kh2 {[%emt 0:00:00]} Be4 {[%emt 0:00:00]} 65. Ra1 {[%emt 0:00:00]} Kf3 {[%emt 0:00:00]} 66. Ra5 {[%emt 0:00:19]} Bf5 {[%emt 0:00:00]} 67. Ra4 {[%emt 0:00:23]} Nc2 {[%emt 0:00:00]} 68. Ra7 {[%emt 0:00:14]} Ne3 {[%emt 0:00:00]} 69. Ra3 {[%emt 0:00:05]} Bc2 {[%emt 0:00:00]} 70. Kg1 {[%emt 0:00:44]} f6 {[%emt 0:00:00]} 71. Rc3 {[%emt 0:00:38]} Ke2 {[%emt 0:00:00]} 72. Rc6 {[%emt 0:00:25]} Bd3 {[%emt 0:00:00]} 73. Rxf6 {[%emt 0:03:48]} Kf3 {[%emt 0:00:00]} 74. Rc6 {[%emt 0:00:53]} Nd1 {[%emt 0:01:59]} 75. Kh2 {[%emt 0:05:19]} Be4 {[%emt 0:04:19]} 76. Ra6 {[%emt 0:01:52]} Kg4 {[%emt 0:00:19]} 77. Ra3 {[%emt 0:01:27]} Nf2 {[%emt 0:00:55]} 78. Ra2 {[%emt 0:01:34]} Nd3 {[%emt 0:00:23]} 79. Ra1 {[%emt 0:00:21]} Nc5 {[%emt 0:01:14]} 80. Ra5 {[%emt 0:00:34]} Nb3 {[%emt 0:01:10]} 81. Ra3 {[%emt 0:05:48]} Nd2 {[%emt 0:00:46]} 82. Kg1 {[%emt 0:01:48]} Bf3 {[%emt 0:00:14]} 83. Ra6 {[%emt 0:00:31]} Kxg3 {[%emt 0:01:14]} 84. Rxg6+ {[%emt 0:00:07]} Kxf4 {[%emt 0:01:06]} 85. Rg7 {[%emt 0:03:00]} Ne4 {[%emt 0:00:43]} 86. Rg8 {[%emt 0:00:17]} Nd6 {[%emt 0:00:22]} 87. Kf2 {[%emt 0:00:47]} Nf5 {[%emt 0:00:13]} 88. Rb8 {[%emt 0:03:39]} Be4 {[%emt 0:00:40]} 89. Rb5 {[%emt 0:00:09]} Ng3 {[%emt 0:01:04]} 90. Rg5 {[%emt 0:00:32]} Nh1+ {[%emt 0:00:27]} 91. Kg1 {[%emt 0:00:12]} Ng3 {[%emt 0:00:06]} 92. Kf2 {[%emt 0:00:05]} 1/2-1/2